[Event "Asia-chT fin 10th"]
[Site "Kuala Lumpur"]
[Date "1993.06.??"]
[Round "8"]
[White "Mas, Hafizulhelmi"]
[Black "Madhavan, Collin"]
[Result "1/2-1/2"]
[WhiteElo "2250"]
[BlackElo "2225"]
[PlyCount "62"]
[EventDate "1993.06.??"]
[EventType "team"]
[EventRounds "9"]
[EventCountry "MAS"]
[SourceTitle "EXT 1998"]
[Source "ChessBase"]
[SourceDate "1997.11.17"]
[SourceVersion "1"]
[SourceVersionDate "1997.11.17"]
[SourceQuality "1"]
[WhiteTeam "Malaysia III"]
[BlackTeam "Malaysia II"]
[WhiteTeamCountry "MAS"]
[BlackTeamCountry "MAS"]

1. e4 c5 2. Nf3 d6 3. d4 cxd4 4. Nxd4 Nf6 5. Nc3 a6 6. Be2 e5 7. Nb3 Be7 8. 0-0 0-0 9. Be3 Be6 10. f4 exf4 11. Bxf4 Nc6 12. Qe1 Ne5 13. Rd1 Nfd7 14. Kh1 Rc8 15. Nd4 g6 16. Bh6 Re8 17. Nf5 gxf5 18. Qg3+ Ng6 19. exf5 Bc4 20. fxg6 hxg6 21. Bxc4 Rxc4 22. Bf4 Nf6 23. Bxd6 Rxc3 24. Qxc3 Ne4 25. Qb3 Nxd6 26. Rf3 Qc7 27. Re1 Qc4 28. Qxc4 Nxc4 29. b3 Nd6 30. Rfe3 Kf8 31. Rd3 Rd8 1/2-1/2

[Event "Asia-chT fin 10th"]
[Site "Kuala Lumpur"]
[Date "1993.06.??"]
[Round "3"]
[White "Sabitov, Odil"]
[Black "Madhavan, Collin"]
[Result "1-0"]
[WhiteElo "2235"]
[BlackElo "2225"]
[PlyCount "51"]
[EventDate "1993.06.??"]
[EventType "team"]
[EventRounds "9"]
[EventCountry "MAS"]
[SourceTitle "EXT 1998"]
[Source "ChessBase"]
[SourceDate "1997.11.17"]
[SourceVersion "1"]
[SourceVersionDate "1997.11.17"]
[SourceQuality "1"]
[WhiteTeam "Tajikistan"]
[BlackTeam "Malaysia II"]
[WhiteTeamCountry "TJK"]
[BlackTeamCountry "MAS"]

1. e4 c5 2. Nf3 d6 3. d4 cxd4 4. Nxd4 Nf6 5. Nc3 a6 6. Bg5 e6 7. f4 b5 8. e5 dxe5 9. fxe5 Qc7 10. Qe2 Nfd7 11. 0-0-0 Nc6 12. Nxc6 Qxc6 13. Ne4 h6 14. Nd6+ Bxd6 15. Rxd6 Qc7 16. Bf4 Bb7 17. Qg4 g5 18. Bg3 0-0-0 19. Qd4 Nc5 20. Be2 Ne4 21. Rd1 Qa5 22. Be1 Qc7 23. Bf3 Nxd6 24. exd6 Qc4 25. d7+ Kb8 26. Qb6 1-0